III simposi sobre restauració monumental

Kaydedildi:
Detaylı Bibliyografya
Materyal Türü: Kitap
Dil:Katalanca
İspanyolca
Baskı/Yayın Bilgisi: Barcelona Diputació de Barcelona 1993
Seri Bilgileri:Quaderns Científics i Tècnics, 5
Konular:
Etiketler: Etiketle
Etiket eklenmemiş, İlk siz ekleyin!

MARC

LEADER 00000nam a2200000 a 4500
001 UCK1632
003 CL-VaPUC
005 20210626001453.0
008 041119e19930000sp 1 cat d
020 |a 8477942536 
041 0 7 |a cat  |2 CL-VaPUC 
041 0 7 |a spa  |2 CL-VaPUC 
082 0 4 |a 720.288  |b SIM  |2 21 
245 1 0 |a III simposi sobre restauració monumental 
246 1 0 |a Estudis, informes i textos del Servei del Patrimoni Arquitectònic Local 
260 |a Barcelona  |b Diputació de Barcelona  |c 1993 
300 |a 407 p 
490 0 |a Quaderns Científics i Tècnics, 5 
583 |a last modification  |c 20041119 00:00:00  |k Rodrigo Vera 
650 0 0 |a Patrimonio cultural  |9 309364 
650 0 7 |a CONSERVACION DE MONUMENTOS HISTORICOS  |2 CL-VaPUC  |9 484639 
650 0 7 |a RESTAURACION DE EDIFICIOS  |2 CL-VaPUC  |9 484640 
942 |c BK 
945 |a cmena  |d 20041119 00:00:00 
546 |a En Catalán 
546 |a En Español 
536 |a Diputació de Barcelona 
518 |p Simposi sobre Restauració Monumental, 3, Barcelona, 19 al 21 de noviembre de 1992 
999 |c 384102  |d 384100 
952 |0 0  |1 0  |4 0  |6 720_288000000000000_SIM_1993  |7 0  |8 A  |9 506571  |a BIBARQ  |b BIBARQ  |d 2020-01-23  |i 4080416  |o 720.288 SIM 1993  |p 4080416  |r 2025-01-20  |w 2020-01-23  |y BK  |k ARQ